Wird geladen...

Financial management

Bibliographische Detailangaben
1. Verfasser: Rao, S.B
Format: Printed Book
Sprache:English
Veröffentlicht: New Delhi Vikas publishing House Pvt. Ltd 1977
Schlagworte:
LEADER 00514nam a22001577a 4500
005 20151215125307.0
008 091121t xxu||||| |||| 00| 0 eng d
082 |a 658.15  |b RAO 
100 |a Rao, S.B.  |9 10386 
245 |a Financial management 
300 |a x, 183p 
653 |a Financial management 
942 |c BK  |6 _ 
260 |c 1977  |a New Delhi  |b Vikas publishing House Pvt. Ltd 
999 |c 101133  |d 101133 
952 |0 0  |1 0  |2 ddc  |4 0  |6 65815_RAO  |7 0  |9 127547  |a SMS  |b SMS  |c GEN  |d 2009-11-21  |o 658.15 RAO  |p SMS011983  |r 2009-11-21  |w 2009-11-21  |y BK